[Event "2011 AB Junior Reserves Intermediate"]
[Site "Calgary"]
[Date "2011.11.06"]
[Round "5"]
[White "Li, Zeling"]
[Black "Zhao, Ian"]
[Result "0-1"]
[WhiteElo "1031"]
[BlackElo "768"]
[PlyCount "58"]
[EventDate "2011.11.05"]
[EventType "swiss"]
[EventRounds "5"]
[EventCountry "CAN"]

1. d4 d5 2. c4 c6 3. Nc3 Nf6 4. Bf4 Bf5 5. Nf3 e6 6. e3 Ne4 7. Nxe4 Bxe4 8. Bd3
Bb4+ 9. Nd2 Bxd3 10. a3 Bxd2+ 11. Qxd2 Bxc4 12. Qb4 Qb6 13. Qxb6 axb6 14. Rb1
Nd7 15. b3 Bd3 16. Rd1 Bc2 17. Rc1 Bxb3 18. O-O O-O 19. Ra1 Ra6 20. Rfb1 Bc4
21. a4 Rfa8 22. h3 Rxa4 23. Rxa4 Rxa4 24. Bc7 b5 25. g4 b4 26. h4 b3 27. Rb2
Ra2 28. Rb1 b2 29. Be5 Ra1 0-1

[Event "2011 AB Junior Reserves Intermediate"]
[Site "Calgary"]
[Date "2011.11.06"]
[Round "5"]
[White "Lin, Kaining"]
[Black "Ting, Mark"]
[Result "1/2-1/2"]
[WhiteElo "697"]
[BlackElo "1342"]
[PlyCount "28"]
[EventDate "2011.11.05"]
[EventType "swiss"]
[EventRounds "5"]
[EventCountry "CAN"]

1. e4 e5 2. Nf3 Nc6 3. Bc4 Nf6 4. d3 Bc5 5. O-O d6 6. Bg5 Bg4 7. h3 Be6 8. Bxe6
fxe6 9. Nc3 h6 10. Be3 Nd4 11. Re1 Qd7 12. Ne2 Nxf3+ 13. gxf3 Bxe3 14. fxe3 d5
1/2-1/2

[Event "2011 AB Junior Reserves Intermediate"]
[Site "Calgary"]
[Date "2011.11.06"]
[Round "5"]
[White "Wang, Kaixin"]
[Black "Zhang, Derek"]
[Result "1/2-1/2"]
[WhiteElo "728"]
[BlackElo "912"]
[PlyCount "58"]
[EventDate "2011.11.05"]
[EventType "swiss"]
[EventRounds "5"]
[EventCountry "CAN"]

1. e4 e5 2. Nf3 Nc6 3. Bc4 Nf6 4. d3 Bc5 5. O-O O-O 6. Bg5 Nd4 7. Nxe5 h6 8.
Bh4 d6 9. Nf3 Bg4 10. Nbd2 Re8 11. c3 Bxf3 12. Nxf3 Ne6 13. d4 Bb6 14. e5 dxe5
15. Nxe5 g5 16. Bg3 h5 17. f4 gxf4 18. Bxf4 Nxf4 19. Rxf4 Rxe5 20. Kh1 Re4 21.
Rf1 Qd6 22. Qf3 Kg7 23. Bd3 Rh4 24. g3 Rg4 25. Rg1 c5 26. h3 Rg5 27. h4 Qe6 28.
Rg2 Qh3+ 29. Kg1 cxd4 1/2-1/2

[Event "2011 AB Junior Reserves Novice"]
[Site "Calgary"]
[Date "2011.11.05"]
[Round "3"]
[White "Zhang, Xuyuan"]
[Black "Wu, Chenxi"]
[Result "1-0"]
[WhiteElo "755"]
[BlackElo "559"]
[PlyCount "23"]
[EventDate "2011.11.05"]
[EventType "swiss"]
[EventRounds "5"]
[EventCountry "CAN"]

1. e4 e5 2. Nc3 c5 3. Nf3 Nc6 4. Bc4 h6 5. O-O d6 6. d3 Bg4 7. h3 h5 8. hxg4
hxg4 9. Ng5 Nh6 10. Nxf7 Qh4 11. Nxh6 Qf6 12. Nxg4 1-0

[Event "2011 AB Junior Reserves Novice"]
[Site "Calgary"]
[Date "2011.11.06"]
[Round "5"]
[White "Chernetsov, Makar"]
[Black "Wu, Chenxi"]
[Result "0-1"]
[WhiteElo "750"]
[BlackElo "590"]
[PlyCount "33"]
[EventDate "2011.11.05"]
[EventType "swiss"]
[EventRounds "5"]
[EventCountry "CAN"]

1. d4 d5 2. e3 Nc6 3. Nf3 Bg4 4. h3 Bh5 5. g4 Bg6 6. h4 Nb4 7. Na3 e6 8. h5 Be4
9. Bd3 Nxd3+ 10. cxd3 Bxf3 11. Qxf3 Nf6 12. g5 Nd7 13. e4 dxe4 14. dxe4 Bb4+
15. Bd2 Bxd2+ 16. Kxd2 Qxg5+ 17. Ke2 0-1

[Event "2011 Alberta Junior Ch"]
[Site "Calgary"]
[Date "2011.11.05"]
[Round "1"]
[White "De Guzman, Jeff Anthony"]
[Black "Miller, David"]
[Result "0-1"]
[WhiteElo "1704"]
[BlackElo "2066"]
[PlyCount "142"]
[EventDate "2011.11.05"]
[EventType "swiss"]
[EventRounds "5"]
[EventCountry "CAN"]

1. d4 Nf6 2. c4 g6 3. Nc3 Bg7 4. e4 O-O 5. Nf3 d6 6. Be2 e5 7. O-O Nc6 8. d5
Ne7 9. b4 Nh5 10. Ng5 Nf4 11. g3 Nxe2+ 12. Qxe2 h6 13. Nf3 f5 14. Nh4 f4 15. f3
g5 16. Ng2 h5 17. Nd1 g4 18. gxf4 exf4 19. Bb2 gxf3 20. Qxf3 Bg4 21. Qf2 Ng6
22. Bxg7 Kxg7 23. Nb2 f3 24. Ne3 Bh3 25. Rfe1 Qg5+ 26. Kh1 Nh4 27. Qg3 Bg2+ 28.
Nxg2 fxg2+ 29. Kg1 Nf3+ 30. Kxg2 Nxe1+ 31. Rxe1 Qxg3+ 32. hxg3 Rae8 33. Nd3 Rf7
34. Nf4 Re5 35. Kf3 c6 36. Ke3 cxd5 37. cxd5 Kh6 38. Rh1 Rg7 39. Kf3 Rc7 40.
Nd3 Rc3 41. Ke3 Rg5 42. Kd4 Ra3 43. Rh3 Rxa2 44. e5 dxe5+ 45. Nxe5 Rd2+ 46. Kc3
Rxe5 47. Kxd2 Rxd5+ 48. Kc3 Kg5 49. Kc4 Rd1 50. Kc5 Rc1+ 51. Kb5 Rc3 52. Ka5
Rf3 53. Kb5 Rf5+ 54. Kc4 Kg4 55. Rh1 Kxg3 56. Rg1+ Kf2 57. Rg7 b5+ 58. Kd4 a6
59. Ke4 Rf3 60. Rh7 Rh3 61. Rh6 h4 62. Rxa6 Rb3 63. Kd4 Rxb4+ 64. Kc5 Rb3 65.
Rf6+ Kg2 66. Rg6+ Rg3 67. Rh6 h3 68. Kxb5 h2 69. Kc4 h1=Q 70. Rxh1 Kxh1 71. Kd4
Kg2 0-1

[Event "2011 Alberta Junior Ch"]
[Site "Calgary"]
[Date "2011.11.05"]
[Round "1"]
[White "Singh, Krishneel"]
[Black "Lee, Nicholas"]
[Result "1-0"]
[WhiteElo "1812"]
[BlackElo "1433"]
[PlyCount "91"]
[EventDate "2011.11.05"]
[EventType "swiss"]
[EventRounds "5"]
[EventCountry "CAN"]

1. d4 Nf6 2. Nf3 e6 3. Bg5 d5 4. e3 c5 5. Nbd2 cxd4 6. exd4 Nc6 7. c3 Be7 8.
Bd3 O-O 9. O-O Qb6 10. Qc2 h6 11. Bh4 Bd7 12. Ne5 Rac8 13. Bxf6 Nxe5 14. Bxe5
Bb5 15. Bxb5 Qxb5 16. Nf3 Rfe8 17. Qb3 Qa6 18. a4 Rc4 19. Qb5 Qc6 20. Qxc6 bxc6
21. Rfc1 c5 22. b3 cxd4 23. bxc4 d3 24. Rd1 dxc4 25. Rab1 Bc5 26. Bd4 Bxd4 27.
Nxd4 e5 28. Rb4 exd4 29. Rxc4 dxc3 30. Rxc3 d2 31. Kf1 Re4 32. Ra3 Kh7 33. Rxd2
Re7 34. a5 Kg6 35. a6 f5 36. Rb2 f4 37. Rb7 Re8 38. Rxa7 Rc8 39. Rb7 Kf5 40.
Rb1 g5 41. a7 g4 42. a8=Q Rxa8 43. Rxa8 f3 44. g3 h5 45. Ra4 Kg5 46. Rb5+ 1-0

[Event "2011 Alberta Junior Ch"]
[Site "Calgary"]
[Date "2011.11.05"]
[Round "1"]
[White "Zhang, David"]
[Black "Cai, Tony"]
[Result "1-0"]
[WhiteElo "2186"]
[BlackElo "1774"]
[PlyCount "63"]
[EventDate "2011.11.05"]
[EventType "swiss"]
[EventRounds "5"]
[EventCountry "CAN"]

1. e4 c5 2. Nf3 Nc6 3. Bb5 Qc7 4. c3 e6 5. O-O d6 6. d4 cxd4 7. cxd4 a6 8. Ba4
b5 9. Bb3 Na5 10. Bf4 Ne7 11. Nbd2 Ng6 12. Bg3 Be7 13. a4 O-O 14. axb5 axb5 15.
Bc2 Bb7 16. h4 Qd8 17. h5 Nh4 18. Qe2 b4 19. Nxh4 Bxh4 20. Bxh4 Qxh4 21. Qb5
Bc6 22. Qxb4 Nb7 23. Qb6 Rac8 24. Bd3 f5 25. Rac1 Qf4 26. Rxc6 Rxc6 27. Qxc6
Qxd2 28. Bc4 Nd8 29. Qxd6 fxe4 30. Bxe6+ Nf7 31. Ra1 e3 32. Bxf7+ 1-0

[Event "2011 Alberta Junior Ch"]
[Site "Calgary"]
[Date "2011.11.05"]
[Round "2"]
[White "Cai, Tony"]
[Black "De Guzman, Jeff Anthony"]
[Result "0-1"]
[WhiteElo "1779"]
[BlackElo "1704"]
[PlyCount "57"]
[EventDate "2011.11.05"]
[EventType "swiss"]
[EventRounds "5"]
[EventCountry "CAN"]

1. d4 Nf6 2. c4 e6 3. Nc3 Bb4 4. e3 Ne4 5. Qc2 d5 6. Bd3 Bxc3+ 7. bxc3 Nf6 8.
f3 b6 9. e4 Ba6 10. cxd5 Bxd3 11. Qxd3 exd5 12. Nh3 O-O 13. O-O dxe4 14. fxe4
Nbd7 15. Bf4 Nc5 16. Qf3 Ncxe4 17. Bg5 Nxg5 18. Nxg5 Qd5 19. Qg3 Ne4 20. Nxe4
Qxe4 21. Qxc7 Qe3+ 22. Kh1 Rac8 23. Qxa7 Rxc3 24. Qxb6 Rc2 25. Qb3 Qd2 26. Qd5
g6 27. Rab1 Rxa2 28. Rb7 Qf2 29. Qc4 0-1

[Event "2011 Alberta Junior Ch"]
[Site "Calgary"]
[Date "2011.11.05"]
[Round "2"]
[White "Lee, Nicholas"]
[Black "Shi, Diwen"]
[Result "1-0"]
[WhiteElo "1433"]
[BlackElo "1774"]
[PlyCount "77"]
[EventDate "2011.11.05"]
[EventType "swiss"]
[EventRounds "5"]
[EventCountry "CAN"]

1. e4 e5 2. Nf3 Nc6 3. d4 exd4 4. Nxd4 Bc5 5. Nxc6 bxc6 6. Bf4 d6 7. g3 Rb8 8.
b3 Qf6 9. Nd2 Ne7 10. Bg2 Ng6 11. e5 dxe5 12. Ne4 Bb4+ 13. c3 Bxc3+ 14. Nxc3
exf4 15. Qe2+ Ne7 16. Rc1 O-O 17. O-O Bb7 18. Ne4 Qe6 19. Rfe1 fxg3 20. hxg3
Rfe8 21. Nc5 Qxe2 22. Rxe2 f6 23. Nxb7 Rxb7 24. Bxc6 Nxc6 25. Rxe8+ Kf7 26. Rc8
Ne7 27. R8xc7 Rb5 28. Rxa7 Re5 29. Rcc7 Re1+ 30. Kg2 Ke8 31. Rxe7+ Rxe7 32.
Rxe7+ Kxe7 33. a4 Kd6 34. Kf3 Kc5 35. Kf4 Kb4 36. Kf5 h5 37. Kg6 f5 38. Kxf5
Kxb3 39. a5 1-0

[Event "2011 Alberta Junior Ch"]
[Site "Calgary"]
[Date "2011.11.05"]
[Round "2"]
[White "Miller, David"]
[Black "Zhang, David"]
[Result "0-1"]
[WhiteElo "2066"]
[BlackElo "2186"]
[PlyCount "80"]
[EventDate "2011.11.05"]
[EventType "swiss"]
[EventRounds "5"]
[EventCountry "CAN"]

1. e4 c6 2. d4 d5 3. Nd2 dxe4 4. Nxe4 Nf6 5. Nxf6+ gxf6 6. Nf3 Bg4 7. c3 Qc7 8.
g3 Nd7 9. h3 Bh5 10. Bg2 O-O-O 11. Qa4 Kb8 12. O-O e6 13. Bf4 e5 14. dxe5 fxe5
15. Be3 Bc5 16. Qh4 Bxf3 17. Bxf3 Bxe3 18. fxe3 Qb6 19. Qe4 Rhg8 20. Kh2 Qxb2+
21. Bg2 f5 22. Qxf5 Qxc3 23. Qxh7 Nf6 24. Qf7 Qxe3 25. Rf3 Ng4+ 26. Kh1 Qc5 27.
Rb1 b6 28. Qb3 Nf2+ 29. Kh2 Rh8 30. Qb2 Ng4+ 31. Kh1 e4 32. Rf4 Ne5 33. Rf5 Rd4
34. Rc1 Qd6 35. Rcf1 Nf3 36. Rf4 Qd7 37. R1xf3 exf3 38. Qxd4 Rxh3+ 39. Kg1
Qxd4+ 40. Rxd4 Rxg3 0-1

[Event "2011 Alberta Junior Ch"]
[Site "Calgary"]
[Date "2011.11.05"]
[Round "2"]
[White "Wang, Yuekai"]
[Black "Ong, Raymond"]
[Result "1-0"]
[WhiteElo "1801"]
[BlackElo "1634"]
[PlyCount "75"]
[EventDate "2011.11.05"]
[EventType "swiss"]
[EventRounds "5"]
[EventCountry "CAN"]

1. e4 d6 2. d4 g6 3. Nc3 Nf6 4. f4 Bg7 5. Nf3 Bg4 6. Be2 Nc6 7. Be3 O-O 8. Qd2
Nd7 9. d5 Nb4 10. a3 Na6 11. h3 Bxf3 12. Bxf3 c6 13. O-O-O cxd5 14. Nxd5 Nc7
15. g4 Nxd5 16. Qxd5 Nb6 17. Qd3 Qc7 18. Bd4 Bxd4 19. Qxd4 Rac8 20. Rd2 Qc5 21.
Qd3 Nc4 22. Re2 Rc7 23. h4 b5 24. h5 b4 25. a4 Rfc8 26. hxg6 fxg6 27. e5 Kg7
28. exd6 exd6 29. Be4 d5 30. Qxd5 Nd6 31. Qxc5 Rxc5 32. Bd3 Rd5 33. Kb1 b3 34.
Re7+ Kf8 35. Rexh7 bxc2+ 36. Bxc2 Nf7 37. Rh8+ Nxh8 38. Rxh8+ 1-0

[Event "2011 Alberta Junior Ch"]
[Site "Calgary"]
[Date "2011.11.05"]
[Round "3"]
[White "Lee, Nicholas"]
[Black "Miller, David"]
[Result "0-1"]
[WhiteElo "1433"]
[BlackElo "2066"]
[PlyCount "92"]
[EventDate "2011.11.05"]
[EventType "swiss"]
[EventRounds "5"]
[EventCountry "CAN"]

1. c4 Nf6 2. d4 g6 3. Nc3 Bg7 4. e4 O-O 5. Nf3 d6 6. Be2 e5 7. O-O Nc6 8. d5
Ne7 9. b4 Nh5 10. Re1 f5 11. c5 fxe4 12. Nxe4 Nf4 13. cxd6 Nxe2+ 14. Qxe2 cxd6
15. Rd1 h6 16. Ne1 Nf5 17. Nc2 Bd7 18. Bb2 Rc8 19. Rac1 a6 20. Ne3 Bb5 21. Qe1
Qd7 22. Rxc8 Rxc8 23. Rc1 Rxc1 24. Qxc1 Nd4 25. Bxd4 exd4 26. Nc4 Qc7 27. Nexd6
Bf8 28. Qc2 Kh7 29. Nxb5 axb5 30. Na3 Qxc2 31. Nxc2 d3 32. Ne3 Bxb4 33. f3 Bc5
34. Kf2 d2 35. Ke2 Bxe3 36. d6 Kg7 37. d7 Bg5 38. d8=Q Bxd8 39. Kxd2 Kf6 40.
Ke3 Ke5 41. f4+ Kd5 42. Kd3 Bc7 43. g3 h5 44. h3 Bd6 45. g4 Bxf4 46. gxh5 gxh5
0-1

[Event "2011 Alberta Junior Ch"]
[Site "Calgary"]
[Date "2011.11.05"]
[Round "3"]
[White "Ong, Raymond"]
[Black "Zhao, Chenxi"]
[Result "1/2-1/2"]
[WhiteElo "1634"]
[BlackElo "1430"]
[PlyCount "34"]
[EventDate "2011.11.05"]
[EventType "swiss"]
[EventRounds "5"]
[EventCountry "CAN"]

1. Nf3 Nf6 2. d4 d5 3. Bf4 e6 4. e3 c6 5. Bd3 Nbd7 6. h3 Qb6 7. b3 Be7 8. O-O
O-O 9. c4 h6 10. Nbd2 a5 11. Ne5 c5 12. cxd5 Nxe5 13. dxe5 Nxd5 14. Qg4 Nxf4
15. exf4 Rd8 16. Nc4 Qc6 17. Rfd1 a4 1/2-1/2

[Event "2011 Alberta Junior Ch"]
[Site "Calgary"]
[Date "2011.11.06"]
[Round "4"]
[White "De Guzman, Jeff Anthony"]
[Black "Zhao, Chenxi"]
[Result "1-0"]
[WhiteElo "1704"]
[BlackElo "1430"]
[PlyCount "67"]
[EventDate "2011.11.05"]
[EventType "swiss"]
[EventRounds "5"]
[EventCountry "CAN"]

1. d4 d5 2. c4 e6 3. Nc3 Nf6 4. Bg5 h6 5. Bxf6 Qxf6 6. cxd5 exd5 7. Nxd5 Qd6 8.
Nc3 Nc6 9. Nf3 Bg4 10. e3 Qg6 11. Bb5 Bb4 12. Ne5 Bxd1 13. Nxg6 fxg6 14. Bxc6+
bxc6 15. Rxd1 O-O 16. Ke2 Rab8 17. Ne4 Bd6 18. b3 Be7 19. Rc1 Rb6 20. Rc4 Ra6
21. a4 Rb6 22. Nd2 Bb4 23. Ne4 Be7 24. Rb1 a5 25. Kd3 Rfb8 26. Kc2 Ba3 27. Nc5
Rf8 28. f3 Re8 29. e4 Rd8 30. Nd3 Kh7 31. Ne5 Rd6 32. Rd1 Re6 33. Nd7 Rb4 34.
Nf8+ 1-0

[Event "2011 Alberta Junior Ch"]
[Site "Calgary"]
[Date "2011.11.06"]
[Round "4"]
[White "Miller, David"]
[Black "Wang, Yuekai"]
[Result "1-0"]
[WhiteElo "2066"]
[BlackElo "1801"]
[PlyCount "45"]
[EventDate "2011.11.05"]
[EventType "swiss"]
[EventRounds "5"]
[EventCountry "CAN"]

1. e4 c5 2. Nf3 e6 3. d4 cxd4 4. Nxd4 Nc6 5. Nc3 Nf6 6. Ndb5 Bb4 7. a3 Bxc3+ 8.
Nxc3 d5 9. exd5 exd5 10. Bd3 O-O 11. O-O d4 12. Ne2 Bg4 13. f3 Bh5 14. Nf4 Bg6
15. Nxg6 hxg6 16. f4 Nd5 17. f5 Ne3 18. Bxe3 dxe3 19. fxg6 fxg6 20. Bc4+ Kh8
21. Qg4 Qd5 22. Bxd5 Rf7 23. Bxf7 1-0

[Event "2011 Alberta Junior Ch"]
[Site "Calgary"]
[Date "2011.11.06"]
[Round "5"]
[White "Wang, Yuekai"]
[Black "Shi, Diwen"]
[Result "1/2-1/2"]
[WhiteElo "1801"]
[BlackElo "1779"]
[PlyCount "54"]
[EventDate "2011.11.05"]
[EventType "swiss"]
[EventRounds "5"]
[EventCountry "CAN"]

1. e4 e5 2. Nf3 Nc6 3. Bb5 a6 4. Ba4 Nf6 5. O-O Be7 6. Re1 d6 7. c3 O-O 8. h3
b5 9. Bc2 d5 10. exd5 Nxd5 11. Nxe5 Nxe5 12. Rxe5 c6 13. d4 Bd6 14. Re1 f5 15.
a4 Bb7 16. Qh5 g6 17. Qd1 f4 18. Nd2 Qd7 19. Nf3 Kh8 20. Qd3 Rad8 21. b3 c5 22.
Bb2 Kg8 23. Rad1 Qc6 24. dxc5 Bxc5 25. axb5 Qb6 26. Qf1 axb5 27. Be4 Ne3
1/2-1/2

[Event "2011 Alberta Junior Ch"]
[Site "Calgary"]
[Date "2011.11.06"]
[Round "5"]
[White "Zhang, David"]
[Black "De Guzman, Jeff Anthony"]
[Result "1-0"]
[WhiteElo "2186"]
[BlackElo "1704"]
[PlyCount "81"]
[EventDate "2011.11.05"]
[EventType "swiss"]
[EventRounds "5"]
[EventCountry "CAN"]

1. e4 e6 2. d4 d5 3. e5 c5 4. c3 Qb6 5. Nf3 Bd7 6. Bd3 Bb5 7. dxc5 Bxc5 8. b4
Be7 9. O-O Bxd3 10. Qxd3 f6 11. Re1 Nd7 12. a4 a5 13. Be3 Qc7 14. exf6 gxf6 15.
Nd4 Ra6 16. b5 Ne5 17. Qe2 Rd6 18. b6 Qc4 19. Qh5+ Kd7 20. Nd2 Qd3 21. N2b3
Rxb6 22. Nb5 Rxb5 23. axb5 Qxc3 24. Nxa5 Nd3 25. Red1 Bc5 26. Bxc5 Nxc5 27.
Rac1 Qxa5 28. Rxc5 Ne7 29. Rdc1 Ng6 30. Qh6 Kd6 31. Qg7 Qb6 32. Rc7 Qxb5 33.
Rxb7 Qa5 34. Ra7 Qd8 35. Ra8 Qe7 36. Ra6+ Ke5 37. Re1+ Kd4 38. Qh6 Qb4 39. Qe3+
Kc4 40. Rc1+ Kb5 41. Qb6# 1-0

[Event "2011 Alberta Junior Ch"]
[Site "Calgary"]
[Date "2011.11.06"]
[Round "5"]
[White "Zhao, Chenxi"]
[Black "Lee, Nicholas"]
[Result "0-1"]
[WhiteElo "1430"]
[BlackElo "1433"]
[PlyCount "44"]
[EventDate "2011.11.05"]
[EventType "swiss"]
[EventRounds "5"]
[EventCountry "CAN"]

1. e4 e5 2. Nf3 Nc6 3. Bc4 Bc5 4. Nc3 Nf6 5. d3 O-O 6. Be3 d6 7. h3 Be6 8. Bb3
Re8 9. Qd2 Qd7 10. O-O-O Nd4 11. Bxd4 exd4 12. Nd5 Nxd5 13. exd5 Bf5 14. Rhe1
a5 15. a3 b5 16. g4 Bg6 17. Rg1 a4 18. Ba2 Rab8 19. h4 f6 20. h5 Bf7 21. Nh4 b4
22. axb4 Bxb4 {Both scoresheets are unreadable at this point.} 0-1

[Event "2011 Alberta Junior Girls Ch"]
[Site "Calgary"]
[Date "2011.11.05"]
[Round "3"]
[White "Kalaydina, Nicka"]
[Black "Bustos, Jyaree"]
[Result "1-0"]
[WhiteElo "1946"]
[BlackElo "285"]
[PlyCount "39"]
[EventDate "2011.11.05"]
[EventType "tourn"]
[EventRounds "5"]
[EventCountry "CAN"]

1. e4 e5 2. Nf3 d6 3. d4 Be6 4. dxe5 dxe5 5. Qxd8+ Kxd8 6. Nxe5 f6 7. Bc4 fxe5
8. Bxe6 Nf6 9. f3 Bb4+ 10. Bd2 Bxd2+ 11. Nxd2 c5 12. O-O-O Re8 13. Nb3+ Ke7 14.
Nxc5 Rc8 15. Bxc8 Nc6 16. Bxb7 Re8 17. Bxc6 Rc8 18. Rd7+ Ke8 19. Rc7+ Kd8 20.
Ne6# 1-0

[Event "2011 Southern Alberta Open"]
[Site "Calgary"]
[Date "2011.11.19"]
[Round "1.2"]
[White "Yam, Alex"]
[Black "Milne, Arthur"]
[Result "1-0"]
[WhiteElo "2308"]
[BlackElo "1766"]
[PlyCount "31"]
[EventDate "2011.11.19"]
[EventType "swiss"]
[EventRounds "5"]
[EventCountry "CAN"]

1. f4 g6 2. Nf3 Bg7 3. e4 c5 4. Nc3 d6 5. Bc4 e6 6. d4 cxd4 7. Nxd4 a6 8. O-O
Nf6 9. f5 gxf5 10. exf5 e5 11. Nde2 Qc7 12. Bd5 Nbd7 13. Bg5 Qc5+ 14. Kh1 Ng4
15. Ne4 Qb6 16. Nxd6+ 1-0

[Event "2011 Southern Alberta Open"]
[Site "Calgary"]
[Date "2011.11.19"]
[Round "1.3"]
[White "Dunn, Garth"]
[Black "Haessel, Dale"]
[Result "0-1"]
[WhiteElo "1756"]
[BlackElo "2300"]
[PlyCount "55"]
[EventDate "2011.11.19"]
[EventType "swiss"]
[EventRounds "5"]
[EventCountry "CAN"]

1. e4 e5 2. Nf3 Nf6 3. Nc3 Bb4 4. d3 d5 5. a3 dxe4 6. axb4 exf3 7. Qxf3 Nc6 8.
Qg3 O-O 9. Bh6 Nh5 10. Qf3 Nd4 11. Qxh5 Nxc2+ 12. Kd2 Nxa1 13. Qd1 gxh6 14.
Qxa1 Qd4 15. Qe1 Bf5 16. g4 Bg6 17. Qe3 Qxb4 18. Qxe5 Qxb2+ 19. Kd1 Rfe8 20.
Qc5 Rad8 21. Nd5 Qb3+ 22. Qc2 Qxd5 23. Rg1 Qf3+ 24. Be2 Qxf2 25. Rf1 Qxh2 26.
Kc1 Rxe2 27. Qa4 Ra2 28. Rh1 0-1

[Event "2011 Southern Alberta Open"]
[Site "Calgary"]
[Date "2011.11.19"]
[Round "2.2"]
[White "Gold, Itohan"]
[Black "Yam, Alex"]
[Result "1-0"]
[WhiteElo "2139"]
[BlackElo "2308"]
[PlyCount "79"]
[EventDate "2011.11.19"]
[EventType "swiss"]
[EventRounds "5"]
[EventCountry "CAN"]

1. e4 g6 2. d4 Bg7 3. Nc3 c6 4. f4 d5 5. e5 h5 6. Nf3 Bg4 7. h3 Bxf3 8. Qxf3
Qb6 9. Qf2 e6 10. Bd3 Nh6 11. g4 Na6 12. a3 hxg4 13. hxg4 O-O-O 14. Rg1 Rdf8
15. Bd2 f6 16. Na4 Qd8 17. Bxa6 bxa6 18. Qe2 Kb8 19. O-O-O fxe5 20. dxe5 g5 21.
Nc5 Qc8 22. Nxa6+ Ka8 23. Ba5 Rf7 24. fxg5 Ng8 25. Bb4 Ne7 26. Bd6 Ng6 27. Nc5
Rf4 28. Rgf1 Rc4 29. Rf7 Bxe5 30. Bxe5 Nxe5 31. Qxe5 Rxc5 32. g6 Rc4 33. Rdf1
Re4 34. Qxh8 Qxh8 35. Rf8+ Qxf8 36. Rxf8+ Kb7 37. g7 Rxg4 38. g8=Q Rxg8 39.
Rxg8 e5 40. Kd2 1-0

[Event "2011 Southern Alberta Open"]
[Site "Calgary"]
[Date "2011.11.19"]
[Round "2.3"]
[White "Haessel, Dale"]
[Black "Tam, Erik"]
[Result "1-0"]
[WhiteElo "2300"]
[BlackElo "2097"]
[PlyCount "113"]
[EventDate "2011.11.19"]
[EventType "swiss"]
[EventRounds "5"]
[EventCountry "CAN"]

1. d4 d5 2. Nf3 Nf6 3. c4 e6 4. Nc3 Be7 5. Bg5 O-O 6. e3 Nbd7 7. Rc1 a6 8. Qc2
h6 9. Bh4 dxc4 10. Bxc4 b5 11. Bd3 c5 12. a4 c4 13. Be2 Nd5 14. Bxe7 Qxe7 15.
b3 Nb4 16. Qb1 cxb3 17. Qxb3 bxa4 18. Nxa4 Qd6 19. O-O Bb7 20. Nc5 Rfb8 21.
Nxb7 Rxb7 22. Nd2 Rbb8 23. Nc4 Qe7 24. Na5 Rb6 25. Bf3 Rab8 26. Qa4 Nf6 27. g3
e5 28. dxe5 Qxe5 29. Nc4 Qb5 30. Nxb6 Qxb6 31. Rc4 Nd3 32. Rc6 Qb2 33. Qxa6 Ne5
34. Rc8+ Kh7 35. Bg2 Rb6 36. Qa1 Qb5 37. Qd4 Re6 38. Qc5 Qe2 39. Qc2+ Qxc2 40.
Rxc2 Re7 41. e4 Nd3 42. Rd1 Nb4 43. Rc4 Na6 44. Ra1 Nb8 45. Ra8 Nbd7 46. Rc7 g5
47. Raa7 g4 48. e5 Rxe5 49. Rxd7 Re1+ 50. Bf1 Nxd7 51. Rxd7 Kg6 52. Kg2 Re5 53.
Bc4 f6 54. Rd5 Re7 55. Bd3+ Kg7 56. Bf5 h5 57. Rd7 1-0

[Event "2011 Southern Alberta Open"]
[Site "Calgary"]
[Date "2011.11.19"]
[Round "3.1"]
[White "Nguyen, Kim"]
[Black "Haessel, Dale"]
[Result "1-0"]
[WhiteElo "2174"]
[BlackElo "2300"]
[PlyCount "52"]
[EventDate "2011.11.19"]
[EventType "swiss"]
[EventRounds "5"]
[EventCountry "CAN"]

1. e4 e5 2. Bc4 Nf6 3. d3 c6 4. Nf3 d5 5. Bb3 a5 6. Nc3 Bb4 7. a3 Bxc3+ 8. bxc3
a4 9. Ba2 O-O 10. O-O Bg4 11. h3 Bh5 12. Qe2 dxe4 13. dxe4 Nbd7 14. g4 Bg6 15.
Nh4 Nc5 16. f3 Qc7 17. Be3 Qa5 18. Qc4 Nfd7 19. Rfd1 Kh8 20. Rd6 Rfe8 21. Rad1
Re7 22. Kg2 f6 23. Qb4 Ra6 24. Bxc5 Nxc5 25. Qxa5 Rxa5 26. Rd8+ Be8 1-0

[Event "2011 Southern Alberta Open"]
[Site "Calgary"]
[Date "2011.11.21"]
[Round "3.2"]
[White "Wen, Jean-Francois"]
[Black "Kazmaier, Daniel"]
[Result "0-1"]
[WhiteElo "2144"]
[BlackElo "2279"]
[PlyCount "70"]
[EventDate "2011.11.19"]
[EventType "swiss"]
[EventRounds "5"]
[EventCountry "CAN"]

1. c4 f5 2. g3 e5 3. Nc3 Nc6 4. Nf3 Nf6 5. d4 e4 6. Nh4 d6 7. Bh3 g6 8. Bg5 Bg7
9. O-O O-O 10. Qd2 Qe8 11. f3 exf3 12. exf3 Qf7 13. d5 Ne5 14. b3 Bd7 15. Rae1
a5 16. a4 Rae8 17. Ng2 b6 18. Be3 Re7 19. f4 Neg4 20. Bd4 Rfe8 21. Rxe7 Rxe7
22. Re1 h6 23. Rxe7 Qxe7 24. Ne1 Nh7 25. Nf3 Nhf6 26. Bg2 h5 27. h3 Nh6 28. Kh2
Nf7 29. Qd3 Nd8 30. Be3 Nb7 31. Nd4 Nc5 32. Qd2 Kf7 33. Ncb5 Nfe4 34. Bxe4 Nxe4
35. Qc1 Nc5 0-1

[Event "2011 Southern Alberta Open"]
[Site "Calgary"]
[Date "2011.11.19"]
[Round "3.3"]
[White "Robichaud, Martin"]
[Black "Gold, Itohan"]
[Result "1-0"]
[WhiteElo "2211"]
[BlackElo "2139"]
[PlyCount "89"]
[EventDate "2011.11.19"]
[EventType "swiss"]
[EventRounds "5"]
[EventCountry "CAN"]

1. e4 c5 2. c3 Nf6 3. e5 Nd5 4. d4 cxd4 5. Nf3 Nc6 6. cxd4 e6 7. Nc3 d6 8. exd6
Bxd6 9. Bd3 Nf4 10. Bxf4 Bxf4 11. O-O O-O 12. Qe2 Nxd4 13. Bxh7+ Kxh7 14. Qe4+
f5 15. Qxf4 Nxf3+ 16. Qxf3 Qg5 17. Ne4 Qh6 18. Rfd1 Qh4 19. Nd6 Qe7 20. Qh5+
Kg8 21. Rd3 Bd7 22. Rad1 Be8 23. Nxe8 Qxe8 24. Qg5 Rf6 25. Rd7 Rg6 26. Qh4 Rg4
27. Qh3 Rc8 28. Qb3 Qg6 29. Qxb7 Rgc4 30. Qxa7 f4 31. Qb7 Rc1 32. h3 Qg5 33.
Qe4 R8c4 34. Qxe6+ Kh7 35. R7d5 Rxd1+ 36. Rxd1 f3 37. g3 Rc1 38. Qe4+ Kh8 39.
Qxf3 Qd2 40. Rxc1 Qxc1+ 41. Kg2 Qxb2 42. Qd5 Qa3 43. g4 Qa4 44. g5 Qf4 45. g6
1-0

[Event "2011 Southern Alberta Open"]
[Site "Calgary"]
[Date "2011.11.20"]
[Round "4.1"]
[White "Kazmaier, Daniel"]
[Black "Robichaud, Martin"]
[Result "1-0"]
[WhiteElo "2279"]
[BlackElo "2211"]
[PlyCount "105"]
[EventDate "2011.11.19"]
[EventType "swiss"]
[EventRounds "5"]
[EventCountry "CAN"]

1. e4 e5 2. Nc3 Nc6 3. g3 Nf6 4. Bg2 Nd4 5. Nf3 Nxf3+ 6. Qxf3 d6 7. O-O Bg4 8.
Qe3 Qd7 9. d4 Bh3 10. dxe5 Bxg2 11. Kxg2 dxe5 12. Rd1 Bd6 13. Qf3 h6 14. Be3 a6
15. Bc5 Qc6 16. Bxd6 cxd6 17. Rd3 O-O 18. Rad1 Rad8 19. R1d2 Rd7 20. g4 Re8 21.
h4 Re6 22. Kf1 Qc8 23. Ke1 Qd8 24. Kd1 b5 25. a3 Qa5 26. Nd5 Nxd5 27. Rxd5 Qa4
28. Qd3 Qa5 29. Qb3 Qd8 30. Qg3 Qf6 31. Kc1 Qg6 32. f3 h5 33. g5 f5 34. Qh3
fxe4 35. fxe4 Rf7 36. b3 Rf4 37. Re2 Qf7 38. Kb2 Rf3 39. Qh1 Qf4 40. Qd1 Qf8
41. Red2 g6 42. Rxd6 Rf1 43. Rxe6 Rxd1 44. Rxd1 Qc5 45. Rxg6+ Kf7 46. Rf6+ Ke7
47. Rd5 Qe3 48. Rxe5+ Kd7 49. Rd5+ Ke7 50. Rff5 Qe1 51. g6 b4 52. axb4 Qxh4 53.
g7 1-0